[Event "Regionalliga SO 0708"]
[Site "Bayern"]
[Date "2008.04.06"]
[Round "8.8"]
[White "Roth, Peter"]
[Black "Farsakh, Christof"]
[Result "1/2-1/2"]
[WhiteElo "1909"]
[BlackElo "1999"]
[PlyCount "86"]
[EventDate "2007.10.21"]
[EventType "team-tourn"]
[EventRounds "9"]
[EventCountry "GER"]
[SourceTitle "EXT 2009"]
[Source "ChessBase"]
[SourceDate "2008.11.26"]
[SourceVersion "1"]
[SourceVersionDate "2008.11.26"]
[SourceQuality "1"]
[WhiteTeam "Deggendorf"]
[BlackTeam "Germering"]
[WhiteTeamCountry "GER"]
[BlackTeamCountry "GER"]

1. e4 e5 2. Nf3 Nc6 3. Bb5 Nf6 4. 0-0 Nxe4 5. Re1 Nd6 6. Bxc6 dxc6 7. Nxe5 Be7 8. d3 0-0 9. Nc3 Be6 10. Bf4 Nf5 11. Nf3 a6 12. Ne4 c5 13. Bg5 Bxg5 14. Nfxg5 Bd5 15. Qh5 h6 16. Nf3 Nd4 17. Nxd4 cxd4 18. Ng3 Qd7 19. Re5 Be6 20. Qe2 b6 21. a3 c5 22. Re1 Qc6 23. Nh5 Rae8 24. Kf1 Bd7 25. Qd2 Rxe5 26. Rxe5 c4 27. dxc4 Qxc4+ 28. Kg1 Rc8 29. h3 Bb5 30. Ng3 Qxc2 31. Qxd4 Qc1+ 32. Kh2 Qc7 33. Re1 Rd8 34. Qb4 Qc2 35. a4 Qxa4 36. Qc3 Qf4 37. Kg1 Qd4 38. Qc7 Qd2 39. Rc1 Qd6 40. Qc3 Qf4 41. Qxg7+ Kxg7 42. Nh5+ Kf8 43. Nxf4 Rd2 1/2-1/2

[Event "Regionalliga SO 9697"]
[Site "Bayern"]
[Date "1997.03.02"]
[Round "7"]
[White "Hackbarth, Wolfgang"]
[Black "Farsakh, Christof"]
[Result "1/2-1/2"]
[WhiteElo "1950"]
[BlackElo "2070"]
[PlyCount "53"]
[EventDate "1996.10.13"]
[EventType "team-tourn"]
[EventRounds "9"]
[EventCountry "GER"]
[SourceTitle "EXT 1999"]
[Source "ChessBase"]
[SourceDate "1998.11.16"]
[SourceVersion "1"]
[SourceVersionDate "1998.11.16"]
[SourceQuality "1"]
[WhiteTeam "Simbach"]
[BlackTeam "Unterpfaff Germering"]
[WhiteTeamCountry "GER"]
[BlackTeamCountry "GER"]

1. c4 Nf6 2. d4 e6 3. Nf3 Bb4+ 4. Bd2 Be7 5. Bc3 Ne4 6. e3 0-0 7. Bd3 Nxc3 8. Nxc3 d5 9. Rc1 dxc4 10. Bxc4 c5 11. d5 exd5 12. Bxd5 Na6 13. 0-0 Nc7 14. Be4 f5 15. Bd3 Be6 16. Qc2 Bf6 17. Bxf5 Bxf5 18. Qxf5 Bxc3 19. Qxc5 Bxb2 20. Rc2 Ne6 21. Qc4 Qf6 22. Rxb2 Qxb2 23. Qxe6+ Kh8 24. Ne5 Rf6 25. Nf7+ Kg8 26. Nh6+ Kh8 27. Nf7+ 1/2-1/2

[Event "Regionalliga SO 9495"]
[Site "Bayern"]
[Date "1995.??.??"]
[Round "?.4"]
[White "Aulinger, Reimund"]
[Black "Farsakh, Christof"]
[Result "1/2-1/2"]
[WhiteElo "2115"]
[BlackElo "2005"]
[PlyCount "126"]
[EventDate "1994.10.??"]
[EventType "team-tourn"]
[EventRounds "9"]
[EventCountry "GER"]
[SourceTitle "EXT 1999"]
[Source "ChessBase"]
[SourceDate "1998.11.16"]
[SourceVersion "1"]
[SourceVersionDate "1998.11.16"]
[SourceQuality "1"]
[WhiteTeam "Ebersberg Grafing"]
[BlackTeam "Unterpfaff Germering"]
[WhiteTeamCountry "GER"]
[BlackTeamCountry "GER"]

1. d4 Nf6 2. c4 e6 3. Nc3 Bb4 4. Nf3 0-0 5. g3 b6 6. Bg2 Bb7 7. 0-0 Re8 8. Qc2 d6 9. Rd1 Nbd7 10. b3 d5 11. Ne5 Bd6 12. Bb2 Nxe5 13. dxe5 Bxe5 14. e4 d4 15. f4 Bd6 16. Nb5 d3 17. Rxd3 Nxe4 18. Nxd6 cxd6 19. Re1 Nc5 20. Bxb7 Nxb7 21. g4 Qh4 22. Qc3 f6 23. g5 Qxf4 24. gxf6 gxf6 25. Qxf6 Qxf6 26. Bxf6 Kf7 27. Rf1 Rg8+ 28. Kh1 Rg6 29. Rdf3 Rag8 30. Bh4+ Ke8 31. Bg3 e5 32. Rf7 R6g7 33. R7f6 Kd7 34. Rd1 Re8 35. b4 Re6 36. Rf5 Kc6 37. Kg2 Rg4 38. Rf7 Rd4 39. Rc1 Nd8 40. b5+ Kc5 41. Rc7+ Kb4 42. Rxa7 Rg6 43. Kf3 Rf6+ 44. Ke3 Ne6 45. Ra8 Rf8 46. Rxf8 Nxf8 47. Be1+ Kc5 48. a3 Rxc4 49. Bb4+ Kxb5 50. Rxc4 Kxc4 51. Bxd6 Nd7 52. Ke4 b5 53. h4 Kb3 54. Be7 Nb8 55. h5 Nc6 56. Bd6 Kc4 57. Bf8 Nb8 58. Be7 Nd7 59. h6 Nb8 60. Bb4 Nc6 61. Bd6 Nd8 62. Bxe5 Nf7 63. Bg7 Kb3 1/2-1/2